| 000 | 00788nam0a22002531 4500 | ||
|---|---|---|---|
| 001 | rc\4864423 | ||
| 005 | 20260406030159.0 | ||
| 021 |
_aRU _b[63-99804] |
||
| 035 | _a(NLR Aleph) 008820024 | ||
| 090 |
_a8216105 _c8216105 |
||
| 100 | _a20130426d1963 |||y0rusy50 ca | ||
| 101 | 1 |
_arus _cbak |
|
| 102 | _aRU | ||
| 105 | _ay z |||a| | ||
| 200 | 1 |
_aОткрывающий ворота _eСтихи _e[Для сред. и ст. школьного возраста] _eПер. с башк. |
|
| 210 |
_aМосква _cДетгиз _d1963 |
||
| 215 |
_a79 с. _d21 |
||
| 700 | 1 |
_8rus _7ca _aНаджми _bН. _f1918-1999 _gНазар _3RU\NLR\AUTH\77508 _9110557 |
|
| 801 | 0 |
_aRU _bNLR _gpsbo |
|
| 801 | 1 |
_aRU _bELAR _2rusmarc |
|
| 852 |
_aNLR _j64-4/1092 |
||
| 942 | _cBOOK | ||
| 980 | _aNB | ||